Every US/Canadian City with a Sports Team - Statistics

General Stats
  • This quiz has been taken 40 times
  • The average score is 50 of 63
Answer Stats
Sport(s) City % Correct
NBA, MLB, NHL, PWHL Boston
100%
NBA, NFL, MLB, NWSL, NHL Denver
100%
NBA, NFL, MLB, NHL Detroit
100%
NFL, MLB, MLS, NWSL Kansas City
100%
NBA, WNBA, NFL, MLB, MLS, NWSL, NHL Los Angeles
100%
NBA, NFL, MLS, NHL Miami
100%
NBA, WNBA, MLS, NWSL Portland
100%
WNBA, NFL, MLB, MLS, NWSL, NHL, PWHL Seattle
100%
NFL, MLB Baltimore
97%
NBA, NFL, MLS Charlotte
97%
NBA, WNBA, NFL, MLB, MLS, NWSL, NHL Chicago
97%
NFL, MLB, MLS Cincinnati
97%
NBA, NFL, MLB Cleveland
97%
NBA, WNBA, NFL, MLS, NHL Dallas
97%
NBA, NFL, MLB, MLS, NWSL Houston
97%
NFL Jacksonville
97%
NBA, NFL New Orleans
97%
NBA, WNBA, NFL, MLB, MLS, NHL New York
97%
NBA Oklahoma City
97%
NBA, MLS, NWSL Orlando
97%
NBA, WNBA, NFL, MLB San Francisco
97%
NBA, WNBA, NFL, MLB, MLS, NWSL, NHL Washington D.C.
97%
NBA, WNBA, NFL, MLB, MLS Atlanta
93%
NBA, WNBA, NFL, MLB Minneapolis
93%
NBA, MLS, NWSL, NHL Salt Lake City
93%
NBA San Antonio
93%
NBA, WNBA, NFL Indianapolis
90%
NFL, MLS, NHL Nashville
90%
NBA, NFL, MLB, MLS, NHL Philadelphia
90%
NBA, WNBA, MLB Phoenix
90%
NBA, MLB Sacramento
90%
MLB, MLS, NWSL San Diego
90%
MLB, MLS, NHL St Louis
90%
NFL, NHL Tampa
90%
WNBA, NFL, NHL Las Vegas
87%
NBA, MLB Milwaukee
87%
NFL, MLB, NHL Pittsburgh
87%
MLS, NHL Columbus
83%
MLS, NHL, PWHL Montreal
83%
NBA, WNBA, MLB, MLS, NHL, PWHL Toronto
83%
NHL Anaheim
80%
MLS Austin
80%
NFL, NHL Buffalo
80%
NFL Green Bay
80%
NHL, PWHL Ottawa
80%
MLS, NWSL, NHL San Jose
80%
MLS, NHL, PWHL Vancouver
80%
NBA Memphis
77%
NHL Raleigh
77%
NHL Edmonton
73%
NHL Calgary
70%
NHL Winnipeg
70%
NHL Newark
63%
MLS, NHL, PWHL Saint Paul
63%
NWSL Louisville
53%
MLB Arlington
37%
NFL Glendale
17%
NFL, MLS, NWSL Foxborough
13%
WNBA Uncasville
13%
NWSL Cary
7%
MLS Commerce City
7%
MLB St Petersburg
7%
WNBA Paradise
3%
No matching quizzes found
Score Distribution
Percent of People with Each Score
Percentile by Number Answered
Your Score History
You have not taken this quiz